00918 2200313 4500001002100000005001500021035002500036007000300061008004100064020002200105040001700127041000800144082001500152084001700167090002100184090002200205100001000227245013300237260003000370300005000400504003500450650001300485700001900498700000900517850001200526999002200538990002200560990002200582INLIS00000000003528020191202090209 a0010-041800000000459ta180405s2017 yoia g ind d a978-979-29-6195-9 aYOPDYOGbind0 aind04223a620.82 a620.82 YAN e aDEP 620.82 YAN e aCB-D.11 2017-22400 aYanto1 aErgonomi :bdasar-dasar studi waktu & gerakan untuk analisis & perbaikan sistem kerja /cYanto, Billy Ngaliman; penyunting, Seno aYogyakarta :bAndi,c2017 axii, 310 halaman :bilustrasi, tabel ;c23 cm aBibliografi: halaman [303]-304 4aErgonomi0 aBilly Ngaliman0 aSeno aYOPDYOG aCB-D.11/2017-2240 aCB-D.11/2017-2240 aCB-D.11/2017-2240